00361nam a2200157Ia 4500003000400000005001700004008004000021020001800061040001000079041001200089082001600101100001600117245002500133260003700158300000800195OSt20220518142718.0210210b1992 xxu||||| |||| 00| 0 eng d a0 7069 6389 X aALc  aEnglish a070.02 RAIC aRAI (AJAY). aCareer in Journalism aNDbVikas publishing housec1992 a180